LEADER 01906nam0 22003973i 450 001 SBL0583512 005 20251003044357.0 020 $aIT$b776648 100 $a19910930d1977 ||||0itac50 ba 101 | $aita$cita 102 $ait 181 1$6z01$ai $bxxxe 182 1$6z01$an 183 1$6z01$anc$2RDAcarrier 200 1 $aˆLa ‰borghesia di Stato$estruttura e funzioni dell'impresa pubblica in Italia$fAntonio Mutti, Paolo Segatti 210 $aMilano$cG. Mazzotta$d°1977! 215 $a180 p.$d19 cm. 225 | $aNuova informazione$v60 410 0$1001CFI0006699$12001 $aNuova informazione$v60 500 10$aˆLa ‰borghesia di Stato$3UM10206690$9CFIV020154$93558963 676 $a338.620945$9IMPRESA PUBBLICA. Italia$v19 676 $a338.620945$9ORGANIZZAZIONE DELLA PRODUZIONE. IMPRESA PUBBLICA. ITALIA$v20 676 $a338.945$9SVILUPPO ECONOMICO E POLITICHE DI SVILUPPO. Italia$v20 686 $aIT/X432.2$cINDUSTRIA PUBBLICA PARTECIPAZIONI STATALI ITALIA$2R 686 $aSe.i.0$cStoria dell'economia italiana. Opere generali$2F 700 1$aMutti$b, Antonio$f <1944- >$3CFIV020154$4070$0437855 701 1$aSegatti$b, Paolo$3RAVV055366$4070$0149782 801 3$aIT$bIT-000000$c19910930 850 $aIT-BN0095 $aIT-BN0110 $aIT-NA0230 901 $bNAP 35$cSTORIA $n$ 901 $bNAP 01$cPOZZO LIB.$nVi sono collocati fondi di economia, periodici di ingegneria e scienze, periodici di economia e statistica e altri fondi comprendenti documenti di economia pervenuti in dono. 912 $aSBL0583512 950 0$aBiblioteca Centralizzata di Ateneo$c1 v.$d 01POZZO LIB.ECON MON 10004$e 0101 0700277425E VMA 1 v. (Precedente collocazione: 27 EC 742)$fB $h20230925$i20230925 977 $a 01$a 35$a IR 996 $aBorghesia di Stato$93558963 997 $aUNISANNIO